| 000 | 01134cam a2200217 4500 | ||
|---|---|---|---|
| 001 | WB@3612-683 | ||
| 008 | 040818n2004 000 0 eng u | ||
| 035 | _a(Sirsi) u127096 | ||
| 245 | _aEssential code | ||
| 260 | _c2004 | ||
| 490 |
_aRICS News Service _v12 August 2004 (1) |
||
| 520 | _aThe RICS "Rent only residential management code of practice" has been updated to promote best practice in the management of residential property. This new edition has been published to take into account changes in legislation. It applies only to properties in England and covers all lengths of leases and all types of contractual tenancies. It is intended for managers of residential property but can be read by tenants, occupiers and landlords as well. http://www.rics.org/ricscms/bin/show?class=News&te mplate=/includes/shownews.html&id=9676&faculty=RIC S | ||
| 590 | _aWB | ||
| 590 | _aWB | ||
| 650 | _aRENT ONLY RESIDENTIAL MANAGEMENT CODE | ||
| 650 | _aRESIDENTIAL MANAGEMENT CODE | ||
| 650 | _aRESIDENTIAL MANAGEMENT COMPANIES | ||
| 650 |
_aRESIDENTIAL PROPERTY _96266 |
||
| 690 | _aPROPERTY LAW AND PRACTICE | ||
| 942 | _n0 | ||
| 999 |
_c117858 _d117858 |
||